Library Banner

Sayings of the Buddha (Record no. 8040)

MARC details
000 -LEADER
fixed length control field 00393nam a2200157Ia 4500
001 - CONTROL NUMBER
control field 6463
008 - FIXED-LENGTH DATA ELEMENTS--GENERAL INFORMATION
fixed length control field 140320s9999 xx 000 0 und d
040 ## - CATALOGING SOURCE
Transcribing agency PK-LaUMT
082 ## - DEWEY DECIMAL CLASSIFICATION NUMBER
Classification number 294.3
Item number SAY-
100 ## - MAIN ENTRY--PERSONAL NAME
Personal name Dhammika, Ven S., Tr.
245 ## - TITLE STATEMENT
Title Sayings of the Buddha
Statement of responsibility, etc Dhammika, Ven S., Tr.
260 ## - PUBLICATION, DISTRIBUTION, ETC. (IMPRINT)
Place of publication, distribution, etc Singapore,Singapore:
Name of publisher, distributor, etc Graham Publishers,
300 ## - PHYSICAL DESCRIPTION
Extent 74 p.
546 ## - LANGUAGE NOTE
Language note EN
942 ## - ADDED ENTRY ELEMENTS (KOHA)
Koha item type Books
Holdings
Withdrawn status Lost status Damaged status Not for loan Home library Current library Date acquired Total Checkouts Full call number Barcode Date last seen Date checked out Price effective from Koha item type
        UMT Main Campus UMT Main Campus 2014-03-20 4 294.3 SAY- 7529 2026-06-15 2025-04-03 2014-03-20 Books